Polscy piłkarze którzy strzelili bramkę w Lidze Mistrzów - Statystyki

Ogólne statystyki
  • Ten quiz został rozwiązany 140 razy
  • Średni wynik to 15 z 30
Statystyki odpowiedzi
Hint Odpowiedź % Poprawnych
2011/2012 Robert Lewandowski BVB
98%
2011/2012 Jakub Błaszczykowski BVB
95%
2017/2018 Piotr Zieliński Napoli
95%
2014/2015 Arkadiusz Milik Ajax
93%
1995/1996 Leszek Pisz Legia Warszawa
93%
2020/2021 Łukasz Piszczek BVB
93%
2024/2025 Jakub Moder Feyenoord
89%
2023/2024 Przemysław Frankowski RC Lens
89%
2016/2017 Kamil Glik AS Monaco
87%
2019/2020 Grzegorz Krychowiak Lokomotiw Moskwa
82%
2001/2002 Tomasz Hajto Schalke 04
73%
2004/2005 Jacek Krzynówek Bayer Leverkusen
72%
2016/2017 Michał Kucharczyk Legia Warszawa
59%
2001/2002 Emmanuel Olisadebe Panathinaikos
50%
1995/1996 Krzysztof Warzycha Panathinaikos
48%
1996/1997 Marek Citko Widzew Łódź
44%
2024/2025 Łukasz Łakomy Young Boys
43%
2009/2010 Marcin Żewłakow APOEL
40%
2008/2009 Marek Saganowski Aalborg
32%
1995/1996 Roman Kosecki FC Nantes
28%
1998/1999 Andrzej Rudy Ajax
17%
1998/1999 Igor Sypniewski Panathinaikos
15%
1996/1997 Jacek Dembiński Widzew Łódź
15%
1995/1996 Jerzy Podbrożny Legia Warszawa
15%
1996/1997 Sławomir Majak Widzew Łódź
15%
1995/1996 Marek Jóźwiak Legia Warszawa
12%
1995/1996 Ryszard Staniek Legia Warszawa
11%
1996/1997 Ryszard Czerwiec Widzew Łódź
8%
1992/1993 Tomasz Dziubiński Clube Brugge
7%
1996/1997 Andrzej Lesiak Rapid Wiedeń
4%
Nie znaleziono quizów pasujących do podanych kryteriów
Rozkład punktacji
Procent ludzi z każdym wynikiem
Percentyl według liczby udzielonych odpowiedzi
Twoja historia wyników
Nie rozwiązałeś tego quizu